000 00364 a2200169 4500
001 72774
020 _a9788532271501
040 _cAnchieta - Colégio São Paulo
100 _aBonjorno, José Roberto
240 1 0 _aMatemática
_lpor
245 1 0 _aMatemática
300 _a288
362 0 _a2009
440 1 _aScipione
650 4 _aMatemática
942 _cBK
999 _c72774
_d72774